[Event "IV Open I Like Elo"]
[Site "Roma ITA"]
[Date "2009.06.17"]
[Round "7"]
[White "Capitani, Roberto"]
[Black "Sellitto, Pietro"]
[Result "0-1"]
[WhiteElo "1596"]
[BlackElo "1485"]
[PlyCount "61"]
[EventDate "2009.05.06"]

1. e4 b6 2. Nf3 Bb7 3. Nc3 g6 4. Bc4 e6 5. b3 Bg7 6. O-O Bxe4 7. Re1 Bf5 8. Rb1
Nf6 9. Ba3 d6 10. Nd5 O-O 11. Ne3 Be4 12. d3 Bb7 13. Bb2 d5 14. Ba3 Re8 15.
Nxd5 exd5 16. Rxe8+ Qxe8 17. Bxd5 Bxd5 18. c4 Bb7 19. Qd2 Na6 20. d4 Bxf3 21.
gxf3 c5 22. Re1 Qd7 23. d5 Nh5 24. Kg2 Qf5 25. Re4 Be5 26. Bb2 Nf4+ 27. Kh1 Nd3
28. Qe2 Nf4 29. Qe3 Nh3 30. Kg2 Ng5 31. f4 0-1

[Event "IV Open I Like Elo"]
[Site "Roma ITA"]
[Date "2009.06.17"]
[Round "7"]
[White "Carotenuto, Piero"]
[Black "Ruotolo, Claudio"]
[Result "1/2-1/2"]
[WhiteElo "1724"]
[BlackElo "1781"]
[PlyCount "50"]
[EventDate "2009.05.06"]

1. e4 e5 2. Nf3 Nc6 3. Bb5 f5 4. d3 fxe4 5. dxe4 Bc5 6. O-O Nf6 7. Nc3 d6 8.
Bg5 h6 9. Bxf6 Qxf6 10. Nd5 Qd8 11. b4 Bb6 12. Nxb6 axb6 13. Qd5 Bd7 14. Bc4
Qf6 15. b5 Na5 16. Be2 Be6 17. Qd2 O-O 18. Ne1 Qg6 19. Qe3 Rf4 20. f3 Bc4 21.
Bxc4+ Nxc4 22. Qb3 Qf7 23. Nd3 Nd2 24. Qxf7+ Rxf7 25. Rfd1 Nc4 1/2-1/2

[Event "IV Open I Like Elo"]
[Site "Roma ITA"]
[Date "2009.06.17"]
[Round "7"]
[White "Colantonio, Marco"]
[Black "Gerlando, Onofrio"]
[Result "0-1"]
[WhiteElo "1692"]
[BlackElo "1642"]
[PlyCount "90"]
[EventDate "2009.05.06"]

1. e4 e5 2. f4 exf4 3. Nf3 d6 4. Bc4 Nc6 5. O-O Bg4 6. d3 Qf6 7. Nc3 Nge7 8.
Bb5 a6 9. Nd5 Nxd5 10. Bxc6+ bxc6 11. exd5 cxd5 12. Re1+ Be7 13. Qe2 Be6 14.
Rb1 g5 15. b3 O-O 16. Bb2 Qg6 17. Nd4 Rfe8 18. Nxe6 fxe6 19. Qxe6+ Qxe6 20.
Rxe6 Bf8 21. Rbe1 Rxe6 22. Rxe6 Rc8 23. Kf2 c5 24. Kf3 d4 25. h4 Kf7 26. Re4 h6
27. Kg4 Be7 28. c3 dxc3 29. Bxc3 Rg8 30. h5 d5 31. Ra4 Ra8 32. d4 cxd4 33. Bxd4
Bf6 34. Kf5 Bxd4 35. Rxd4 Rd8 36. b4 Rd6 37. Ke5 Re6+ 38. Kxd5 Re2 39. Kc5 Rxg2
40. Rd6 Rxa2 41. Rxh6 f3 42. Rd6 f2 43. Rd1 g4 44. Kd4 g3 45. Ke3 g2 0-1

[Event "IV Open I Like Elo"]
[Site "Roma ITA"]
[Date "2009.06.17"]
[Round "7"]
[White "De Maria, Isaia"]
[Black "Roberti, Bruno"]
[Result "1/2-1/2"]
[WhiteElo "1884"]
[BlackElo "1969"]
[PlyCount "108"]
[EventDate "2009.05.06"]

1. e4 e5 2. Nf3 Nc6 3. Nc3 Nf6 4. Bb5 Bd6 5. O-O O-O 6. d3 a6 7. Ba4 h6 8. d4
exd4 9. Nxd4 Nxd4 10. Qxd4 Re8 11. Bd2 b5 12. Bb3 Bb7 13. Rae1 Be5 14. Qb4 d6
15. Qa5 c5 16. Qxd8 Raxd8 17. Bd5 Bxc3 18. Bxc3 Nxd5 19. exd5 b4 20. Rxe8+ Rxe8
21. Re1 Rxe1+ 22. Bxe1 Bxd5 23. a3 bxa3 24. bxa3 Be4 25. c3 Kf8 26. f3 Bd3 27.
Kf2 Ke7 28. Ke3 Bb5 29. Ke4 Ke6 30. Bf2 f5+ 31. Ke3 g5 32. f4 Bc6 33. fxg5 hxg5
34. g3 g4 35. c4 d5 36. cxd5+ Kxd5 37. Kd3 Bb5+ 38. Ke3 c4 39. Be1 Ba4 40. Bc3
Bc2 41. Bb4 Bd3 42. Bc3 Kc5 43. Kd2 Kb5 44. Kc1 Be4 45. Kb2 Kc5 46. Kc1 Bc6 47.
Kd2 Be4 48. Kc1 Bd3 49. Kd2 Kd5 50. Ke3 Bb1 51. Bb4 Ke5 52. Bc3+ Kd5 53. Bb4
Ke5 54. Bc3+ Kd5 1/2-1/2

[Event "IV Open I Like Elo"]
[Site "Roma ITA"]
[Date "2009.06.17"]
[Round "7"]
[White "Gamberale, Francesco"]
[Black "Gargiulo, Mariano"]
[Result "0-1"]
[WhiteElo "1434"]
[BlackElo "1863"]
[PlyCount "78"]
[EventDate "2009.05.06"]

1. d4 d6 2. c4 Nd7 3. Nf3 e5 4. b3 c6 5. Bb2 e4 6. Nfd2 d5 7. cxd5 cxd5 8. e3
Ngf6 9. Be2 Bd6 10. Ba3 Nb6 11. Bxd6 Qxd6 12. f3 Bf5 13. Nc3 O-O 14. fxe4 Nxe4
15. Ncxe4 dxe4 16. O-O Qd7 17. Rc1 Rac8 18. Rxc8 Rxc8 19. Rxf5 Qxf5 20. Bg4 Qg5
21. Bxc8 Qxe3+ 22. Kh1 Nxc8 23. Nc4 Qd3 24. Qxd3 exd3 25. Kg1 Nb6 26. Kf2 Nd5
27. a3 Kf8 28. g3 Ke7 29. Na5 d2 30. Ke2 Nc3+ 31. Kxd2 Nb1+ 32. Kd3 Nxa3 33.
Ke4 f6 34. Nc4 Nxc4 35. bxc4 b6 36. h4 h5 37. Kf5 a5 38. Ke4 Kd6 39. Kd3 g5 0-1

[Event "IV Open I Like Elo"]
[Site "Roma ITA"]
[Date "2009.06.17"]
[Round "7"]
[White "Gatta, Flavio"]
[Black "Nassetti, Francesco"]
[Result "1-0"]
[WhiteElo "1757"]
[BlackElo "1843"]
[PlyCount "39"]
[EventDate "2009.05.06"]

1. e4 c6 2. d4 d5 3. exd5 cxd5 4. c4 Nf6 5. Nc3 Bg4 6. Qb3 Nc6 7. cxd5 Na5 8.
Qa4+ Bd7 9. Bb5 a6 10. Bxd7+ Nxd7 11. Nf3 b5 12. Qd1 Nb6 13. O-O Nxd5 14. Bg5
Nxc3 15. bxc3 Qc7 16. Ne5 Nc6 17. Qf3 f6 18. Bxf6 Rc8 19. Bxg7 Nxe5 20. Bxe5
1-0

[Event "IV Open I Like Elo"]
[Site "Roma ITA"]
[Date "2009.06.17"]
[Round "7"]
[White "Granitto, Francesco"]
[Black "Mazza, Maurizio"]
[Result "0-1"]
[WhiteElo "1416"]
[BlackElo "1697"]
[PlyCount "60"]
[EventDate "2009.05.06"]

1. e4 e5 2. Nf3 Nc6 3. Bc4 Bc5 4. O-O Nf6 5. Re1 d6 6. c3 Bg4 7. d3 O-O 8. Be3
Bb6 9. Nbd2 Bh5 10. b4 Bxe3 11. fxe3 d5 12. exd5 Nxd5 13. Qb3 Nde7 14. Rf1 Bg6
15. Ng5 Bxd3 16. Bxf7+ Kh8 17. Rf2 Qd6 18. Rd1 Nf5 19. Nc4 Qf6 20. Rxd3 Qxg5
21. e4 Rxf7 22. Rxf5 Rxf5 23. exf5 e4 24. Rg3 Qc1+ 25. Kf2 Rf8 26. Ne3 Qd2+ 27.
Kf1 Ne5 28. Qe6 Nd3 29. Kg1 Qe1+ 30. Nf1 Qf2+ 0-1

[Event "IV Open I Like Elo"]
[Site "Roma ITA"]
[Date "2009.06.17"]
[Round "7"]
[White "Mulas, Icaro"]
[Black "Felici, Ettore"]
[Result "1-0"]
[WhiteElo "1815"]
[BlackElo "1691"]
[PlyCount "99"]
[EventDate "2009.05.06"]

1. e4 c6 2. d4 d5 3. exd5 cxd5 4. Bd3 Nc6 5. c3 Nf6 6. Ne2 g6 7. O-O Bg7 8. Ng3
O-O 9. Bf4 Re8 10. Re1 Ng4 11. f3 e5 12. Bc1 Nh6 13. dxe5 Nxe5 14. Bc2 Bd7 15.
Nd2 Qb6+ 16. Kh1 Rad8 17. Nb3 Neg4 18. fxg4 Nxg4 19. Rf1 Nf2+ 20. Rxf2 Qxf2 21.
Bd2 Bc6 22. Qg1 Qxg1+ 23. Kxg1 h5 24. Bg5 Rd7 25. Bd3 d4 26. c4 b6 27. Rf1 Re6
28. c5 Bd5 29. cxb6 axb6 30. Rc1 Rc6 31. Rd1 Re6 32. Rc1 Rc6 33. Rd1 Rc8 34.
Re1 Ra7 35. Nc1 Bc4 36. Bb1 d3 37. b3 Bc3 38. Rd1 d2 39. bxc4 dxc1=Q 40. Rxc1
Bd4+ 41. Kf1 Ra5 42. Bd2 Rac5 43. Ne2 Be5 44. h3 Rxc4 45. Rxc4 Rxc4 46. Bd3 Ra4
47. Bb1 b5 48. Nc1 Rd4 49. Nb3 Bf4 50. Nxd4 1-0

[Event "IV Open I Like Elo"]
[Site "Roma ITA"]
[Date "2009.06.17"]
[Round "7"]
[White "Napoli, Nicolo'"]
[Black "Pala, Giorgio"]
[Result "1-0"]
[WhiteElo "2353"]
[BlackElo "1983"]
[PlyCount "59"]
[EventDate "2009.05.06"]

1. e4 c5 2. c3 Nf6 3. e5 Nd5 4. Bc4 e6 5. Nf3 Nc6 6. O-O d6 7. Bxd5 exd5 8. Re1
Be6 9. d4 dxe5 10. Nxe5 Nxe5 11. Rxe5 Bd6 12. Re1 Qh4 13. g3 Qh3 14. dxc5 Bxc5
15. Be3 Bxe3 16. Qa4+ Kf8 17. Rxe3 h5 18. Qb4+ Kg8 19. Qxb7 Rc8 20. Nd2 h4 21.
Nf3 hxg3 22. fxg3 Bg4 23. Qxc8+ Bxc8 24. Re8+ Kh7 25. Ng5+ Kg6 26. Nxh3 Rxe8
27. Nf4+ Kh6 28. Kf2 Ba6 29. Re1 g5 30. Rxe8 1-0

[Event "IV Open I Like Elo"]
[Site "Roma ITA"]
[Date "2009.06.17"]
[Round "7"]
[White "Sermoneta, Eugenio"]
[Black "Salvo, Ivano"]
[Result "1/2-1/2"]
[WhiteElo "1780"]
[BlackElo "1518"]
[PlyCount "106"]
[EventDate "2009.05.06"]

1. d4 Nf6 2. Bf4 g6 3. Nf3 Bg7 4. h3 c5 5. c3 O-O 6. Nbd2 d6 7. e3 Be6 8. Bd3
Nc6 9. O-O Qb6 10. Qc2 Rac8 11. dxc5 Qxc5 12. a3 Nd5 13. Bg3 b5 14. Nb3 Qb6 15.
e4 Ne3 16. fxe3 Bxb3 17. Qe2 a6 18. Nd4 Na5 19. Nxb3 Nxb3 20. Rad1 Nc5 21. Bb1
Nd7 22. Rf3 Ne5 23. Bxe5 Bxe5 24. Ba2 e6 25. Rdf1 Kg7 26. Qf2 Qb7 27. Bxe6 Rc7
28. Bd5 Qa7 29. g4 h6 30. h4 g5 31. hxg5 hxg5 32. Rf5 Kg6 33. Kg2 f6 34. Rh1
Rh7 35. Rxg5+ fxg5 36. Qxf8 Rxh1 37. Kxh1 Qh7+ 38. Kg1 Qh2+ 39. Kf1 Qh3+ 40.
Ke2 Qxg4+ 41. Qf3 Qxf3+ 42. Kxf3 Kh5 43. Be6 Kg6 44. Ke2 Kf6 45. Bg4 Ke7 46.
Kd3 a5 47. b3 Kd8 48. c4 bxc4+ 49. Kxc4 Kc7 50. b4 axb4 51. axb4 Kb6 52. b5 Bh2
53. Bd7 Kc7 1/2-1/2

[Event "IV Open I Like Elo"]
[Site "Roma ITA"]
[Date "2009.06.17"]
[Round "7"]
[White "Simeone, Giulio"]
[Black "Scagliarini, Bruno"]
[Result "1-0"]
[WhiteElo "1970"]
[BlackElo "1925"]
[PlyCount "50"]
[EventDate "2009.05.06"]

1. c4 e6 2. e4 c5 3. Nc3 Nc6 4. Nf3 d6 5. d4 cxd4 6. Nxd4 Nf6 7. Be2 Be7 8. O-O
O-O 9. Be3 a6 10. Qe1 d5 11. Rd1 Bb4 12. exd5 exd5 13. a3 Ba5 14. Nb3 Bc7 15.
Nxd5 Nxd5 16. Rxd5 Qh4 17. g3 Qf6 18. Qb1 h6 19. Nc5 Re8 20. Rfd1 Ne5 21. Ne4
Qf5 22. f4 Ng4 23. Rxf5 Nxe3 24. Rdd5 Bb6 25. c5 Ba7 1-0

[Event "IV Open I Like Elo"]
[Site "Roma ITA"]
[Date "2009.06.17"]
[Round "7"]
[White "Sinbaldi, Francesco"]
[Black "Castillo, Juan"]
[Result "0-1"]
[WhiteElo "1407"]
[BlackElo "1686"]
[PlyCount "102"]
[EventDate "2009.05.06"]

1. Nf3 d5 2. g3 g6 3. Bg2 Bg7 4. d3 e5 5. O-O Ne7 6. Nbd2 O-O 7. Qe1 Be6 8. e4
d4 9. h3 h6 10. a3 Nd7 11. b4 Qc8 12. Kh1 c5 13. Qd1 Nc6 14. b5 Na5 15. Ng1 c4
16. f4 cxd3 17. cxd3 Qc3 18. Rb1 Qxd3 19. Rf3 Qxb1 20. Nxb1 Nc5 21. Rf2 Bb3 22.
Qd2 Nc4 23. Qb4 b6 24. Bf1 d3 25. Nf3 Rfd8 26. Qe1 Rac8 27. Nfd2 Nxd2 28. Nxd2
Bc2 29. Bb2 exf4 30. Bxg7 fxg3 31. Rf3 Kxg7 32. Rxg3 Rd4 33. e5 Ne6 34. Rf3 g5
35. Qf2 Rc7 36. Qg3 Nf4 37. h4 Ne2 38. Qg2 Rxh4+ 39. Rh3 Nf4 40. Qg3 Nxh3 41.
Bxh3 Bb1 42. Kg2 Rc1 43. Bf5 Rf4 44. Bxd3 Bxd3 45. Qxd3 Rd1 46. Qe2 Rc1 47. Kg3
Rc3+ 48. Nf3 h5 49. e6 Rcxf3+ 50. Qxf3 Rxf3+ 51. Kxf3 fxe6 0-1

[Event "IV Open I Like Elo"]
[Site "Roma ITA"]
[Date "2009.06.17"]
[Round "7"]
[White "Vannelli, Vittorio"]
[Black "Maggi, Fabrizio"]
[Result "0-1"]
[WhiteElo "1847"]
[BlackElo "2053"]
[PlyCount "58"]
[EventDate "2009.05.06"]

1. e4 e5 2. Nf3 Nc6 3. Bb5 Nf6 4. O-O Nxe4 5. d4 Nd6 6. dxe5 Nxb5 7. a4 d6 8.
e6 Bxe6 9. axb5 Ne5 10. Nd4 Be7 11. f4 Bg4 12. Qe1 c5 13. fxe5 cxd4 14. exd6
Qxd6 15. Bg5 Be6 16. Bxe7 Qxe7 17. Ra4 Qc5 18. Qf2 O-O 19. Nc3 Rfd8 20. Ne4
Qxb5 21. Ra3 d3 22. cxd3 Rxd3 23. Ng5 Rdd8 24. Nxe6 fxe6 25. Qf7+ Kh8 26. Raf3
h6 27. Rg3 Qxb2 28. h4 Rf8 29. Qxe6 Qd4+ 0-1

[Event "IV Open I Like Elo"]
[Site "Roma ITA"]
[Date "2009.06.17"]
[Round "7"]
[White "Zacchia, Marco"]
[Black "Barbieri, Massimiliano"]
[Result "0-1"]
[WhiteElo "1487"]
[BlackElo "1302"]
[PlyCount "64"]
[EventDate "2009.05.06"]

1. d4 d5 2. Nf3 Nf6 3. g3 e6 4. Bg2 c5 5. c3 Nc6 6. O-O cxd4 7. Nxd4 Bc5 8. e3
O-O 9. a3 e5 10. Nxc6 bxc6 11. b4 Bb6 12. Bb2 e4 13. Qc2 Be6 14. Nd2 Qd7 15. c4
Bh3 16. Bxf6 Bxg2 17. Kxg2 gxf6 18. c5 Bc7 19. Rad1 Qf5 20. Nb3 Qf3+ 21. Kg1
Be5 22. Nd2 Qh5 23. f4 Bc7 24. Nb3 Kh8 25. Nd4 Rg8 26. Rd2 Rg6 27. Nxc6 Rh6 28.
Ne7 Rd8 29. Nc6 Rg8 30. Rg2 f5 31. Qd1 Qxd1 32. Rxd1 Rxc6 0-1

[Event "V Festival A"]
[Site "Vanzaghello ITA"]
[Date "2009.05.08"]
[Round "1"]
[White "Bencivenga, Antonio"]
[Black "Melino, Gianluca"]
[Result "0-1"]
[WhiteElo "1371"]
[BlackElo "1804"]
[PlyCount "118"]
[EventDate "2009.05.08"]

1. d4 g6 2. e4 Bg7 3. c4 d6 4. Nf3 e5 5. dxe5 dxe5 6. Qxd8+ Kxd8 7. Be2 Ne7 8.
O-O c6 9. Nc3 h6 10. h3 Be6 11. Nh2 Nd7 12. f4 exf4 13. Bxf4 Be5 14. Bxe5 Nxe5
15. b3 Kc7 16. Bg4 Rhf8 17. Rf6 Ng8 18. Rf2 Rad8 19. Bxe6 fxe6 20. Rxf8 Rxf8
21. Rd1 Ne7 22. Nf1 Nc8 23. c5 Rd8 24. Rxd8 Kxd8 25. b4 Nd3 26. a3 Ke7 27. g4
Kf6 28. Kg2 Ke5 29. Kf3 Ne1+ 30. Kf2 Nc2 31. Ng3 Nxa3 32. Nge2 Nc2 33. Ng3 Nxb4
34. h4 Nd3+ 35. Ke3 Nxc5 36. Nce2 Ne7 37. Nf1 Nxe4 38. Nd4 Nc5 39. Nf3+ Kf6 40.
Kd4 Nd7 41. N1d2 c5+ 42. Ke4 b5 43. Nb3 c4 44. Nbd4 b4 45. g5+ hxg5 46. Nxg5 b3
47. Ne2 Nf5 48. Nc3 Nxh4 49. Nh3 Nf5 50. Nf2 a5 51. Ng4+ Kf7 52. Nf2 Nc5+ 53.
Kf3 Nd4+ 54. Ke3 Nc2+ 55. Kd2 a4 56. Nfd1 a3 57. Kc1 Nd3+ 58. Kb1 g5 59. Na2 g4
0-1

[Event "V Festival A"]
[Site "Vanzaghello ITA"]
[Date "2009.05.08"]
[Round "1"]
[White "Carbone, Lorenzo"]
[Black "Weiss, Nicolo'"]
[Result "1-0"]
[WhiteElo "1833"]
[BlackElo "1560"]
[PlyCount "89"]
[EventDate "2009.05.08"]

1. e4 c6 2. c4 d5 3. exd5 cxd5 4. cxd5 Qxd5 5. Nc3 Qa5 6. Nf3 Nf6 7. Bc4 Bd7 8.
O-O Nc6 9. Qb3 e6 10. d3 a6 11. Qxb7 Ra7 12. Qb3 Bd6 13. Be3 Ra8 14. a3 O-O 15.
Ng5 Rab8 16. Qa2 Rfe8 17. Nce4 Nxe4 18. Nxe4 Bc7 19. Rac1 Qe5 20. f4 Qxb2 21.
Qxb2 Rxb2 22. Rb1 Rxb1 23. Rxb1 Rb8 24. Rxb8+ Nxb8 25. Kf1 Bc8 26. g4 g6 27. h4
Nd7 28. g5 Kg7 29. Ke2 h6 30. Bd4+ e5 31. fxe5 Bxe5 32. Ke3 f6 33. gxf6+ Bxf6
34. Be6 Bxd4+ 35. Kxd4 Nb6 36. Bxc8 Nxc8 37. Nc5 Ne7 38. Ke5 h5 39. Ne6+ Kf7
40. Ng5+ Kg7 41. Nf3 Kf7 42. d4 Ke8 43. Kf6 Kf8 44. Ne5 Nf5 45. Nxg6+ 1-0

[Event "V Festival A"]
[Site "Vanzaghello ITA"]
[Date "2009.05.08"]
[Round "1"]
[White "Cardani, Roberto"]
[Black "Fragni, Enrico"]
[Result "1-0"]
[WhiteElo "1953"]
[BlackElo "1751"]
[PlyCount "115"]
[EventDate "2009.05.08"]

1. e4 c6 2. d4 d6 3. Nc3 Qc7 4. Nf3 Bg4 5. Be2 e5 6. O-O Be7 7. h3 Bxf3 8. Bxf3
Nd7 9. Be3 Ngf6 10. a4 a5 11. Qd2 h6 12. Be2 g5 13. Rfd1 Nf8 14. Bf1 Ng6 15. g3
Nh5 16. b3 Rd8 17. Qe2 Nf6 18. Bg2 O-O 19. Qf3 Kg7 20. Qe2 Nd7 21. dxe5 dxe5
22. f3 Bc5 23. Qf2 Qb6 24. Bxc5 Qxc5 25. Qxc5 Nxc5 26. Kf2 Ne6 27. Bf1 Rxd1 28.
Nxd1 Rd8 29. Bd3 Nc5 30. Nb2 Nf8 31. Ke3 Kf6 32. Nc4 Nxd3 33. Rd1 Ne6 34. Rxd3
Rxd3+ 35. Kxd3 b5 36. axb5 cxb5 37. Nxa5 Nd4 38. f4 gxf4 39. gxf4 Ke6 40. c3
Nf3 41. Nc6 f6 42. f5+ Kd7 43. Nb4 Ke8 44. Nd5 Kf7 45. b4 Ne1+ 46. Ke2 Ng2 47.
Kf2 Nf4 48. Nxf4 exf4 49. Kf3 Ke7 50. Kxf4 h5 51. e5 fxe5+ 52. Kxe5 Kf7 53. f6
h4 54. Kf5 Kf8 55. Kg4 Kf7 56. Kxh4 Kxf6 57. Kg4 Kg6 58. Kf4 1-0

[Event "V Festival A"]
[Site "Vanzaghello ITA"]
[Date "2009.05.08"]
[Round "1"]
[White "Christen, Peter Walter"]
[Black "Coqueraut, Jean Dominique"]
[Result "0-1"]
[WhiteElo "1559"]
[BlackElo "1832"]
[PlyCount "68"]
[EventDate "2009.05.08"]

1. e4 d6 2. d4 e5 3. dxe5 dxe5 4. Qxd8+ Kxd8 5. Nf3 Bd6 6. Bc4 Ke7 7. O-O f6 8.
Nc3 Be6 9. Nd5+ Kd7 10. Rd1 Bxd5 11. Bxd5 Nc6 12. Bxc6+ Kxc6 13. Be3 Ne7 14.
Rd3 b6 15. Nd2 Rhd8 16. Rd1 Rd7 17. Nc4 Rad8 18. Kf1 Ng6 19. Nxd6 Rxd6 20.
Rxd6+ Rxd6 21. Rxd6+ cxd6 22. g3 d5 23. exd5+ Kxd5 24. Ke2 e4 25. h4 h5 26. Bd2
Ne5 27. Bc3 g5 28. Bxe5 Kxe5 29. f3 gxh4 30. gxh4 Kf4 31. fxe4 Kxe4 32. c4 a5
33. b3 Kd4 34. Kd2 a4 0-1

[Event "V Festival A"]
[Site "Vanzaghello ITA"]
[Date "2009.05.08"]
[Round "1"]
[White "Guzzetti, Luigi Enrico"]
[Black "Marchesotti, Giovanni"]
[Result "1/2-1/2"]
[WhiteElo "1891"]
[BlackElo "1648"]
[PlyCount "82"]
[EventDate "2009.05.08"]

1. e4 d6 2. d4 g6 3. Bd3 Bg7 4. c3 Nf6 5. Nf3 Bg4 6. O-O O-O 7. Be3 Nc6 8. Nbd2
e5 9. d5 Ne7 10. h3 Bd7 11. Nh2 Nfxd5 12. exd5 Nxd5 13. Qe2 Be6 14. a3 f5 15.
f3 h6 16. Bc4 c6 17. Bxd5 cxd5 18. f4 Qc7 19. Rac1 e4 20. Qf2 b6 21. Nb3 Bd7
22. Qd2 Qc4 23. Nd4 Bxd4 24. Qxd4 Qxd4 25. cxd4 Rac8 26. Rxc8 Rxc8 27. Rc1
Rxc1+ 28. Bxc1 Bb5 29. Nf1 Bxf1 30. Kxf1 Kf7 31. h4 h5 32. Ke2 Ke7 33. Kd2 Kd7
34. Kc3 Kc6 35. Kb4 a6 36. b3 Kb7 37. Kc3 b5 38. Kb4 Kb6 39. Kc3 a5 40. Bd2 Ka6
41. Kc2 Kb6 1/2-1/2

[Event "V Festival A"]
[Site "Vanzaghello ITA"]
[Date "2009.05.08"]
[Round "1"]
[White "Megassini, Stefano"]
[Black "Palminteri, Vincenzo"]
[Result "1-0"]
[WhiteElo "1611"]
[BlackElo "1859"]
[PlyCount "65"]
[EventDate "2009.05.08"]

1. d4 Nf6 2. e3 g6 3. Bd3 Bg7 4. Nf3 c5 5. c3 cxd4 6. exd4 d6 7. O-O O-O 8. Re1
Nc6 9. Bg5 Re8 10. Nbd2 h6 11. Bxf6 Bxf6 12. Ne4 Bg7 13. Qe2 Bg4 14. h3 Bf5 15.
g4 Bd7 16. Ng3 e5 17. d5 Ne7 18. Ne4 Qc7 19. Bc4 b5 20. Bb3 a5 21. a3 f5 22.
gxf5 gxf5 23. Ned2 Kh8 24. Kh1 Qc5 25. Ba2 Nxd5 26. b4 Qc6 27. Rg1 e4 28. Nh4
e3 29. Ndf3 Nf4 30. Ng6+ Nxg6 31. Rxg6 axb4 32. Rag1 Bxc3 33. Rxh6# 1-0

[Event "V Festival A"]
[Site "Vanzaghello ITA"]
[Date "2009.05.08"]
[Round "1"]
[White "Novi', Giuseppe"]
[Black "Agustoni, Alessandro"]
[Result "1-0"]
[WhiteElo "1825"]
[BlackElo "1506"]
[PlyCount "59"]
[EventDate "2009.05.08"]

1. d4 e6 2. Nf3 f5 3. Nbd2 Nf6 4. c3 d5 5. Ne5 Bd6 6. Ndf3 O-O 7. Bg5 Bd7 8.
Qb3 b6 9. c4 c6 10. e3 Qc7 11. Bd3 Be8 12. Rc1 Ne4 13. Bf4 Bh5 14. cxd5 exd5
15. Bxe4 fxe4 16. Ng5 Bxe5 17. Bxe5 Qe7 18. Nxe4 Qf7 19. O-O dxe4 20. Qc2 Qd5
21. Qa4 c5 22. h3 Nd7 23. Bf4 cxd4 24. Rc7 Nc5 25. Qa3 Rf7 26. Rxf7 Bxf7 27.
exd4 Qxd4 28. Qg3 Qxb2 29. Be5 Qxe5 30. Qxe5 1-0

[Event "V Festival A"]
[Site "Vanzaghello ITA"]
[Date "2009.05.08"]
[Round "1"]
[White "Poletto, Daniele"]
[Black "Faraoni, Enrico"]
[Result "1/2-1/2"]
[WhiteElo "1796"]
[BlackElo "2085"]
[PlyCount "61"]
[EventDate "2009.05.08"]

1. c4 g5 2. Nc3 Bg7 3. g3 d6 4. Bg2 Nc6 5. b3 e5 6. Bb2 Nge7 7. e4 Ng6 8. Nge2
Be6 9. d3 Qd7 10. Nd5 Nd8 11. Qd2 c6 12. Ne3 a5 13. d4 exd4 14. Bxd4 f6 15. f4
gxf4 16. Nxf4 Ne5 17. Nxe6 Nxe6 18. Bxe5 fxe5 19. Bh3 O-O 20. Bxe6+ Qxe6 21.
Nf5 Rxf5 22. exf5 Qxf5 23. O-O-O a4 24. Rhf1 Qh5 25. Qxd6 axb3 26. Qd8+ Rxd8
27. Rxd8+ Bf8 28. Rdxf8+ Kg7 29. R8f7+ Kg8 30. Rf8+ Kg7 31. R8f7+ 1/2-1/2

[Event "V Festival A"]
[Site "Vanzaghello ITA"]
[Date "2009.05.08"]
[Round "1"]
[White "Quagliarella, Sabino Remo"]
[Black "Torretta, Gilberto"]
[Result "1-0"]
[WhiteElo "1911"]
[BlackElo "1693"]
[PlyCount "69"]
[EventDate "2009.05.08"]

1. d4 Nf6 2. Nf3 g6 3. Bf4 Bg7 4. e3 c6 5. c3 d5 6. Be2 Qb6 7. Qb3 O-O 8. Nbd2
Nbd7 9. O-O e6 10. Ne5 Nh5 11. Nxd7 Bxd7 12. Bxh5 Qxb3 13. axb3 gxh5 14. Ra2 f6
15. Nf3 Rfe8 16. Bd6 b6 17. Rfa1 a5 18. b4 Bf8 19. Bc7 Ra6 20. bxa5 b5 21. b4
Bg7 22. Ne1 e5 23. Nd3 Raa8 24. Nc5 Bc8 25. a6 Re7 26. Bb6 e4 27. Nb3 Re6 28.
a7 Re7 29. Bc5 Rd7 30. Na5 Bf8 31. Nxc6 Bxc5 32. bxc5 Rc7 33. Nb4 Bd7 34. Ra6
Kf7 35. Nxd5 1-0

[Event "V Festival A"]
[Site "Vanzaghello ITA"]
[Date "2009.05.08"]
[Round "1"]
[White "Ragoso, Mario"]
[Black "Rota, Simone"]
[Result "0-1"]
[WhiteElo "1792"]
[BlackElo "1997"]
[PlyCount "98"]
[EventDate "2009.05.08"]

1. d4 d5 2. c4 e6 3. Nc3 c6 4. Nf3 Nf6 5. cxd5 exd5 6. Qc2 h6 7. e3 Bd6 8. Bd3
O-O 9. Bd2 Re8 10. O-O Bg4 11. Be2 Ne4 12. a3 Nxd2 13. Qxd2 Nd7 14. b4 a6 15.
Rfc1 Nf6 16. Qd1 Qe7 17. Na4 a5 18. Nc5 Ne4 19. Ne5 Bxe2 20. Qxe2 Bxe5 21. dxe5
axb4 22. Nxe4 dxe4 23. axb4 Rxa1 24. Rxa1 Qxb4 25. Rd1 Qe7 26. Qg4 Qxe5 27. g3
Re7 28. Kg2 Kh7 29. h4 f5 30. Qe2 b5 31. Rd8 Qc7 32. Ra8 Qd6 33. h5 Qd5 34. Qb2
Qf7 35. Qb4 Ra7 36. Rf8 Qxh5 37. Qb3 Qf3+ 38. Kh2 Qxf2+ 39. Kh3 Qf1+ 40. Kh2
Qc4 41. Qxc4 bxc4 42. Rxf5 Ra3 43. Rc5 Rxe3 44. Rxc4 Rf3 45. Rxc6 Rf6 46. Rc1
Re6 47. Kg2 Kg6 48. Kf2 Kg5 49. Ke3 Kg4 0-1

[Event "V Festival A"]
[Site "Vanzaghello ITA"]
[Date "2009.05.08"]
[Round "1"]
[White "Ranfagni, Stefano"]
[Black "Cervini, Gian Piero"]
[Result "1/2-1/2"]
[WhiteElo "2052"]
[BlackElo "1792"]
[PlyCount "65"]
[EventDate "2009.05.08"]

1. e4 d6 2. d4 Nf6 3. Nc3 g6 4. f4 Bg7 5. Nf3 O-O 6. Bc4 c6 7. O-O b5 8. Bd3 b4
9. Ne2 Nbd7 10. e5 Nd5 11. Ng3 Qb6 12. Kh1 Bb7 13. Bd2 Rac8 14. c3 c5 15. Ng5
dxe5 16. dxe5 e6 17. c4 Ne7 18. N5e4 Rcd8 19. Be3 Nf5 20. Nxf5 exf5 21. Nd6 Ba8
22. Be2 Nxe5 23. fxe5 Bxe5 24. Nxf5 Rxd1 25. Nh6+ Kg7 26. Raxd1 Bd4 27. Bc1 Qe6
28. Rde1 Qh3 29. Bf3 Bxf3 30. Rxf3 Qd7 31. Ref1 Qe6 32. Rxf7+ Rxf7 33. Rxf7+
1/2-1/2

[Event "V Festival A"]
[Site "Vanzaghello ITA"]
[Date "2009.05.08"]
[Round "1"]
[White "Ronconi, Fausto"]
[Black "Raselli, Claudio"]
[Result "0-1"]
[WhiteElo "1788"]
[BlackElo "1970"]
[PlyCount "120"]
[EventDate "2009.05.08"]

1. d4 e6 2. c4 f5 3. Nc3 Nf6 4. Nf3 d5 5. e3 c6 6. a3 Bd6 7. Bd3 O-O 8. b4 Ne4
9. Bb2 Nd7 10. cxd5 exd5 11. Qb3 Ndf6 12. b5 Nxc3 13. Bxc3 Ne4 14. Bb4 Be6 15.
Bxd6 Qxd6 16. Ne5 c5 17. Bxe4 dxe4 18. Qc3 cxd4 19. Qxd4 Qxd4 20. exd4 Rfd8 21.
Rd1 Rd5 22. a4 Rad8 23. Ke2 Rxd4 24. Rxd4 Rxd4 25. Ke3 Rxa4 26. Rd1 Kf8 27.
Nd7+ Ke7 28. Nc5 Ra3+ 29. Kf4 b6 30. Nxe6 Kxe6 31. Rc1 g6 32. h4 Ra2 33. Ke3
Ke5 34. f4+ exf3 35. Kxf3 Ra3+ 36. Kf2 Rb3 37. Ra1 Rxb5 38. Rxa7 h6 39. h5 gxh5
40. Rh7 Kf4 41. Rxh6 Rb2+ 42. Kg1 Kg5 43. Rh8 h4 44. Rg8+ Kf6 45. Rh8 Rb4 46.
Kh2 Ke5 47. Kh3 b5 48. Kh2 Rf4 49. Rb8 b4 50. g3 hxg3+ 51. Kxg3 Rd4 52. Re8+
Kd5 53. Kf3 Kc4 54. Rc8+ Kb3 55. Ke3 Rd5 56. Ke2 Kb2 57. Ke3 b3 58. Kf4 Kb1 59.
Rc7 b2 60. Rc8 Ra5 0-1

[Event "V Festival A"]
[Site "Vanzaghello ITA"]
[Date "2009.05.08"]
[Round "1"]
[White "Schingaro, Angelo"]
[Black "Rossi, Giampiero"]
[Result "0-1"]
[WhiteElo "1702"]
[BlackElo "1915"]
[PlyCount "62"]
[EventDate "2009.05.08"]

1. e4 c5 2. Nf3 e6 3. d4 cxd4 4. Nxd4 a6 5. Bd3 Nf6 6. Nc3 Qc7 7. Be3 Nc6 8.
Qe2 Be7 9. a4 O-O 10. O-O d6 11. f4 Bd7 12. Qf2 Ng4 13. Qf3 Nxe3 14. Qxe3 Nxd4
15. Qxd4 Bf6 16. Qb4 Bxc3 17. bxc3 Rfc8 18. Rab1 Qc5+ 19. Qxc5 Rxc5 20. Rxb7
Bxa4 21. Ra1 Bc6 22. Rb6 a5 23. Ra3 g6 24. Kf2 Kg7 25. Ke3 e5 26. g3 Ra7 27.
Kd2 Re7 28. Ke3 exf4+ 29. gxf4 f5 30. Be2 Rxe4+ 31. Kd2 Rxf4 0-1